[Event "85th Tata Steel Masters"]
[Site "Wijk aan Zee NED"]
[Date "2023.01.17"]
[Round "4.3"]
[White "Rapport, Richard"]
[Black "Caruana, Fabiano"]
[Result "1/2-1/2"]
[WhiteTitle "GM"]
[BlackTitle "GM"]
[WhiteElo "2740"]
[BlackElo "2766"]
[WhiteFideId "738590"]
[BlackFideId "2020009"]
[EventDate "2023.01.14"]

1. c4 e6 2. Nc3 d5 3. d4 Nf6 4. cxd5 exd5 5. Bg5 Bb4 6. e3 h6 7. Bh4 g5 8. Bg3
h5 9. h4 Ne4 10. Ne2 Bg4 11. Qb3 Nxg3 12. Nxg3 Nc6 13. Bb5 Bxc3+ 14. Qxc3 Rh6
15. hxg5 Qxg5 16. Qc5 a6 17. Be2 O-O-O 18. Bxg4+ Qxg4 19. Qc2 Ne7 20. Qe2 Rdh8
21. Qxg4+ hxg4 22. Rxh6 Rxh6 23. Rc1 Kd7 24. Rc3 Nc8 25. e4 dxe4 26. Nxe4 b6 27.
Ng3 Nd6 28. f3 Rh4 29. Ne2 Rh1+ 30. Kf2 gxf3 31. gxf3 Rd1 32. Ke3 Nf5+ 33. Ke4
Nd6+ 34. Ke3 Nf5+ 35. Ke4 Nd6+ 36. Ke3 1/2-1/2

[Event "85th Tata Steel Masters"]
[Site "Wijk aan Zee NED"]
[Date "2023.01.25"]
[Round "10.4"]
[White "Rapport, Richard"]
[Black "Aronian, Levon"]
[Result "1/2-1/2"]
[WhiteTitle "GM"]
[BlackTitle "GM"]
[WhiteElo "2740"]
[BlackElo "2735"]
[WhiteFideId "738590"]
[BlackFideId "13300474"]
[EventDate "2023.01.14"]

1. e4 e5 2. Nf3 Nc6 3. Bb5 Nf6 4. O-O Nxe4 5. Re1 Nd6 6. Nxe5 Be7 7. Bf1 Nxe5 8.
Rxe5 O-O 9. d4 Bf6 10. Re1 Re8 11. c3 Rxe1 12. Qxe1 Ne8 13. Bd3 d5 14. Bf4 g6
15. Nd2 Ng7 16. Qe2 c6 17. Re1 Bf5 18. Bxf5 Nxf5 19. Nf3 Ng7 20. Be5 Ne6 21.
Bxf6 Qxf6 22. Ne5 Re8 23. Ng4 Qd8 24. Qe5 Ng7 25. Qxe8+ Nxe8 26. Rxe8+ Qxe8 27.
Nf6+ Kf8 28. Nxe8 Kxe8 29. f4 f5 30. b4 b5 31. Kf2 1/2-1/2

[Event "85th Tata Steel Masters"]
[Site "Wijk aan Zee NED"]
[Date "2023.01.27"]
[Round "11.2"]
[White "Carlsen, Magnus"]
[Black "So, Wesley"]
[Result "1/2-1/2"]
[WhiteTitle "GM"]
[BlackTitle "GM"]
[WhiteElo "2859"]
[BlackElo "2760"]
[WhiteFideId "1503014"]
[BlackFideId "5202213"]
[EventDate "2023.01.14"]

1. d4 Nf6 2. c4 e6 3. Nc3 Bb4 4. e3 c5 5. Ne2 d5 6. a3 Bxc3+ 7. Nxc3 cxd4 8.
exd4 dxc4 9. Bxc4 Nc6 10. Be3 O-O 11. O-O b6 12. d5 exd5 13. Nxd5 Be6 14. Nxf6+
Qxf6 15. Bxe6 Qxe6 16. Rc1 Rac8 17. Qa4 Na5 18. Qf4 Rxc1 19. Rxc1 Rc8 20. Rxc8+
Qxc8 21. h3 Nc6 22. a4 Qd7 23. Kh2 Qe7 24. Qf3 Qe8 25. b3 h6 26. Qd5 Qe6 27.
Qxe6 fxe6 28. Kg3 Kf7 29. Kf4 e5+ 30. Kf5 h5 31. Bd2 g6+ 32. Ke4 Ke6 33. Bc3 a6
34. f3 b5 35. g3 b4 36. Be1 Nd4 37. Bxb4 Nxb3 38. a5 Nd4 39. Bc3 Nb3 40. Bb4 Nd4
41. g4 Ne2 42. Bd2 Ng1 43. h4 Ne2 44. Be1 Nc1 45. gxh5 gxh5 46. Bc3 Nb3 47. f4
Nc5+ 48. Ke3 Nd7 49. fxe5 Nxe5 50. Kf4 Ng6+ 51. Kg5 Nxh4 52. Kxh4 Kd5 53. Kxh5
Kc4 54. Bg7 Kb4 55. Bf6 Kxa5 56. Bd8+ Kb5 57. Kh6 a5 58. Bxa5 1/2-1/2